[Event "Bosnjaci op 24th"]
[Site "Bosnjaci"]
[Date "2019.01.09"]
[Round "9"]
[White "Potlimbrzovic, Zdenko"]
[Black "Klasan, Elvis"]
[Result "0-1"]
[WhiteElo "2094"]
[BlackElo "1861"]
[PlyCount "174"]
[EventDate "2019.01.03"]
[EventType "swiss"]
[EventRounds "9"]
[EventCountry "CRO"]
[SourceTitle "CBM 188 Extra"]
[Source "ChessBase"]
[SourceDate "2019.02.26"]
[SourceVersion "1"]
[SourceVersionDate "2019.02.26"]
[SourceQuality "1"]

1. Nf3 g6 2. c4 c5 3. Nc3 Bg7 4. g3 Nc6 5. Bg2 d6 6. d3 Nf6 7. 0-0 0-0 8. e4 e5 9. a3 Ne8 10. Nd5 f5 11. exf5 Bxf5 12. h3 Nc7 13. g4 Be6 14. Nxc7 Qxc7 15. Ng5 Bc8 16. Bd2 h6 17. Ne4 Be6 18. Rb1 Rad8 19. b4 b6 20. Nc3 Nd4 21. Be3 Nc6 22. Qa4 Nd4 23. Bxd4 cxd4 24. Nb5 Bd7 25. Qxa7 Qxa7 26. Bd5+ Kh7 27. Nxa7 Ba4 28. Rb2 h5 29. b5 Rd7 30. Nc6 Bh6 31. Nb4 hxg4 32. hxg4 Bf4 33. Kg2 Kg7 34. Rh1 Rh8 35. Rxh8 Kxh8 36. Be4 Bc1 37. Rb1 Bxa3 38. Bxg6 Kg7 39. Bf5 Rf7 40. Nd5 Bc5 41. Kf3 Bc2 42. Rc1 Bxd3 43. Kg3 Bxf5 44. gxf5 Rxf5 45. f3 Rg5+ 46. Kh2 Rh5+ 47. Kg2 Kg6 48. Rd1 Rh7 49. Ra1 Kf5 50. Ra8 Rg7+ 51. Kf1 d3 52. Ke1 Rg2 53. Rf8+ Ke6 54. Rf6+ Kd7 55. Rf7+ Ke8 56. Rh7 Rc2 57. Kd1 Rxc4 58. Kd2 Rd4 59. Nc7+ Kf8 60. Ne6+ Kg8 61. Rg7+ Kh8 62. Nxd4 Kxg7 63. Nb3 Kf6 64. Kxd3 Ke6 65. Nd2 d5 66. Nb3 Bb4 67. Ke3 Kf5 68. Nc1 Bc5+ 69. Ke2 Ke6 70. Kd3 Kd6 71. Nb3 Bf2 72. Ke2 Bh4 73. Kd3 Ke6 74. Ke3 Bg5+ 75. Kd3 Kf5 76. Ke2 Kg6 77. Na1 Kf5 78. Nc2 Be7 79. Kd3 Bc5 80. Na1 Kf4 81. Ke2 e4 82. fxe4 Kxe4 83. Nb3 Be3 84. Na1 d4 85. Nb3 d3+ 86. Kd1 Kd5 87. Nc1 Kc4 0-1

[Event "Bosnjaci op 24th"]
[Site "Bosnjaci"]
[Date "2019.01.08"]
[Round "8"]
[White "Dinic, Nenad"]
[Black "Potlimbrzovic, Zdenko"]
[Result "1/2-1/2"]
[WhiteElo "1881"]
[BlackElo "2094"]
[PlyCount "39"]
[EventDate "2019.01.03"]
[EventType "swiss"]
[EventRounds "9"]
[EventCountry "CRO"]
[SourceTitle "CBM 188 Extra"]
[Source "ChessBase"]
[SourceDate "2019.02.26"]
[SourceVersion "1"]
[SourceVersionDate "2019.02.26"]
[SourceQuality "1"]

1. e4 d6 2. d4 Nf6 3. Nc3 g6 4. f4 Bg7 5. e5 dxe5 6. dxe5 Qxd1+ 7. Kxd1 Ng4 8. Ke1 c6 9. h3 Nh6 10. g4 Be6 11. Be3 Nd7 12. Bg2 Nb6 13. Rd1 f6 14. exf6 exf6 15. Nge2 f5 16. g5 Nf7 17. b3 0-0 18. Kf2 Rfd8 19. Rxd8+ Rxd8 20. Rd1 1/2-1/2

[Event "Bosnjaci op 15th"]
[Site "Bosnjaci"]
[Date "2010.01.04"]
[Round "2"]
[White "Sulc, Damir"]
[Black "Potlimbrzovic, Zdenko"]
[Result "1-0"]
[WhiteElo "2270"]
[BlackElo "2052"]
[PlyCount "63"]
[EventDate "2010.01.03"]
[EventType "swiss"]
[EventRounds "9"]
[EventCountry "CRO"]
[SourceTitle "CBM 134 Extra"]
[Source "ChessBase"]
[SourceDate "2010.03.03"]
[SourceVersion "1"]
[SourceVersionDate "2010.03.03"]
[SourceQuality "1"]

1. e4 c5 2. Nf3 d6 3. d4 cxd4 4. Nxd4 Nf6 5. Nc3 a6 6. Be3 e6 7. f3 Be7 8. Qd2 0-0 9. g4 b5 10. g5 Nh5 11. 0-0-0 Bb7 12. Bd3 Nc6 13. Nxc6 Bxc6 14. Ne2 e5 15. Ng3 Nf4 16. Bxf4 exf4 17. Nf5 g6 18. Nh6+ Kg7 19. Qc3+ f6 20. Qxc6 fxg5 21. Ng4 h5 22. Nf2 Bf6 23. e5 Bxe5 24. Ne4 Qa5 25. Qd5 Qb4 26. c3 Rac8 27. Kb1 Bxc3 28. Nxc3 Rxc3 29. Bxg6 Rc5 30. Qd3 Kh6 31. a3 Qc4 32. Qxd6 1-0

[Event "Bosnjaci op 13th"]
[Site "Bosnjaci"]
[Date "2008.01.04"]
[Round "2"]
[White "Potlimbrzovic, Zdenko"]
[Black "Pap, Misa"]
[Result "0-1"]
[WhiteElo "2092"]
[BlackElo "2465"]
[PlyCount "80"]
[EventDate "2008.01.03"]
[EventType "swiss"]
[EventRounds "9"]
[EventCountry "CRO"]
[SourceTitle "CBM 122 Extra"]
[Source "ChessBase"]
[SourceDate "2008.03.04"]
[SourceVersion "1"]
[SourceVersionDate "2008.03.04"]
[SourceQuality "1"]

1. d4 Nf6 2. g3 c5 3. e3 d5 4. Nf3 Nc6 5. Bg2 e6 6. 0-0 Bd6 7. b3 e5 8. dxc5 Bxc5 9. h3 0-0 10. Bb2 Qe7 11. Re1 Rd8 12. c3 e4 13. Nd4 Ne5 14. Re2 h5 15. Nd2 b6 16. b4 Bd6 17. a3 Bd7 18. c4 Nxc4 19. Nxc4 dxc4 20. Qc2 b5 21. Rd1 Rac8 22. Bc3 h4 23. g4 Be5 24. f4 exf3 25. Nxf3 Bxc3 26. Qxc3 Bc6 27. Rd4 Ne4 28. Qc2 Ng3 29. Re1 Bxf3 30. Rxd8+ Rxd8 31. Bxf3 Rd3 32. Kf2 Qd6 33. Rd1 Ne4+ 34. Kg1 Qg3+ 35. Qg2 Rxd1+ 36. Bxd1 Qxe3+ 37. Kh2 g6 38. Bf3 Nd2 39. Bc6 Qe5+ 40. Kh1 Qa1+ 0-1

[Event "Treber Memorial 3rd"]
[Site "Vinkovci"]
[Date "2006.05.22"]
[Round "1.5"]
[White "Potlimbrzovic, Zdenko"]
[Black "Rosic, Slavko S"]
[Result "0-1"]
[WhiteElo "2043"]
[BlackElo "2326"]
[PlyCount "80"]
[EventDate "2006.05.22"]
[EventType "swiss"]
[EventRounds "7"]
[EventCountry "CRO"]
[SourceTitle "CBM 112 Extra"]
[Source "ChessBase"]
[SourceDate "2006.07.14"]
[SourceVersion "1"]
[SourceVersionDate "2006.07.14"]
[SourceQuality "1"]

1. d4 d5 2. Nf3 Nf6 3. c4 c6 4. e3 e6 5. Bd3 Nbd7 6. 0-0 Bd6 7. Nbd2 0-0 8. b3 e5 9. dxe5 Nxe5 10. Be2 dxc4 11. Nxc4 Nxc4 12. Bxc4 Bg4 13. Bb2 Qe7 14. Be2 Bc7 15. Qc2 a5 16. Rfd1 Rfe8 17. h3 Bxf3 18. Bxf3 Be5 19. Rd2 a4 20. bxa4 Bxb2 21. Qxb2 Rxa4 22. Rb1 Ra7 23. Qb4 g6 24. a4 Qxb4 25. Rxb4 Kf8 26. a5 Rc8 27. g4 h6 28. Rdb2 Rc7 29. Ra2 Nd7 30. Be2 Nf6 31. Bf3 Ke7 32. Kf1 Nd7 33. Be2 Nc5 34. f4 f5 35. Kf2 Rd7 36. Bc4 b5 37. Be2 Ne4+ 38. Kf3 Rd2 39. Ra3 Rc2 40. Rb1 Nd2+ 0-1